Win that job! (Record no. 85257)
[ view plain ]
| 000 -LEADER | |
|---|---|
| fixed length control field | 01551cgm a2200277 4500 |
| 001 - CONTROL NUMBER | |
| control field | J2926 |
| 008 - FIXED-LENGTH DATA ELEMENTS--GENERAL INFORMATION | |
| fixed length control field | 090401t1995 xxu||||| |||| 00| 0 eng d |
| 035 ## - SYSTEM CONTROL NUMBER | |
| System control number | (Sirsi) u51986 |
| 041 ## - LANGUAGE CODE | |
| Language code of text/sound track or separate title | eng |
| 050 ## - LIBRARY OF CONGRESS CALL NUMBER | |
| Classification number | 650.14 |
| 100 ## - MAIN ENTRY--PERSONAL NAME | |
| Personal name | Bibby, Howard |
| 245 ## - TITLE STATEMENT | |
| Title | Win that job! |
| 260 ## - PUBLICATION, DISTRIBUTION, ETC. | |
| Place of publication, distribution, etc. | London |
| Name of publisher, distributor, etc. | Win That Job Ltd. |
| Date of publication, distribution, etc. | 1995 |
| 300 ## - PHYSICAL DESCRIPTION | |
| Extent | 1 video cassette (VHS) (100min.) |
| 350 ## - PRICE (NR) (BK AM CF MU VM SE) [OBSOLETE] | |
| Price | 199.5 |
| 520 ## - SUMMARY, ETC. | |
| Summary, etc. | Reference copy can be viewed by appointment at London Library. Ring or speak to Library Administrator to arrange. No hire charge. The video is divided into three sections, part 1 "Coping with redundancy and putting the CV together", part 2 "How the job market works and successful job hunting" and part 3 s "Winning at interview and securing the best terms". Each section is accompanied by a manual, containing CV layouts, typical interview questions, planning checklists and sample letters. The aim of the course is to describe simple techniques to exploit the unadvertised job market and includes a step by step guide on how to build a hit list of preferred employers, identify and develop contracts and set up special approaches. The course also gives detailed advice on CV writing and interview techniques, reinforcing the need for careful preparation and identification of employer needs. |
| 650 ## - SUBJECT ADDED ENTRY--TOPICAL TERM | |
| Topical term or geographic name entry element | EMPLOYMENT |
| 650 ## - SUBJECT ADDED ENTRY--TOPICAL TERM | |
| Topical term or geographic name entry element | INTERVIEW TECHNIQUES |
| 650 ## - SUBJECT ADDED ENTRY--TOPICAL TERM | |
| Topical term or geographic name entry element | JOB HUNTING |
| 650 ## - SUBJECT ADDED ENTRY--TOPICAL TERM | |
| Topical term or geographic name entry element | JOB SEEKING |
| 650 ## - SUBJECT ADDED ENTRY--TOPICAL TERM | |
| Topical term or geographic name entry element | VIDEOS |
| 690 ## - LOCAL SUBJECT ADDED ENTRY--TOPICAL TERM (OCLC, RLIN) | |
| Topical term or geographic name as entry element | EDUCATION-CAREERS |
| 710 ## - ADDED ENTRY--CORPORATE NAME | |
| Corporate name or jurisdiction name as entry element | Win That Job ltd. |
| 9 (RLIN) | 2234 |
| 942 ## - ADDED ENTRY ELEMENTS (KOHA) | |
| Suppress in OPAC | 0 |
| 948 ## - LOCAL PROCESSING INFORMATION (OCLC); SERIES PART DESIGNATOR (RLIN) | |
| c (OCLC) | 04/03/1997 |
| Withdrawn status | Lost status | Source of classification or shelving scheme | Damaged status | Not for loan | Home library | Current library | Shelving location | Date acquired | Cost, normal purchase price | Total Checkouts | Full call number | Barcode | Date last seen | Date last checked out | Copy number | Cost, replacement price | Price effective from | Koha item type |
|---|---|---|---|---|---|---|---|---|---|---|---|---|---|---|---|---|---|---|
| Dewey Decimal Classification | London | London | Basement | 14/09/1999 | 199.50 | 2 | VIDEOS | 30056309 | 06/08/2019 | 01/08/2000 | 2 | 199.50 | 06/08/2019 | Video |